Behavioral decisions in organizations
שמור ב:
| מחבר ראשי: | |
|---|---|
| פורמט: | ספר |
| שפה: | אנגלית |
| יצא לאור: |
Dallas
Scott, Foresman
1978
|
| מהדורה: | 2a. ed |
| נושאים: | |
| תגים: |
הוספת תג
אין תגיות, היה/י הראשונ/ה לתייג את הרשומה!
|
MARC
| LEADER | 00000nam a2200000 a 4500 | ||
|---|---|---|---|
| 001 | UCS1510 | ||
| 003 | CL-VaPUC | ||
| 008 | 970512e19780000US |||||||||||||||||eng|d | ||
| 082 | 0 | 4 | |a 330 |b ELB |2 21 |
| 100 | 0 | |a Elbing, Alvar |e author |9 386011 | |
| 245 | 1 | 0 | |a Behavioral decisions in organizations |
| 250 | |a 2a. ed | ||
| 300 | |a 472 p | ||
| 942 | |c BK | ||
| 945 | |d 19970512 00:00:00 |a amoreno | ||
| 260 | |a Dallas |b Scott, Foresman |c 1978 | ||
| 650 | 0 | |a Problemas sociales |9 258537 | |
| 650 | 0 | |a Matemática |9 260235 | |
| 650 | 0 | |a Mercado |9 321497 | |
| 650 | 7 | |a PROCESO DE DIAGNOSTICO |2 CL-VaPUC |9 386012 | |
| 650 | 0 | |a Estudio de casos |9 257099 | |
| 650 | 0 | |a Negocios |9 262468 | |
| 650 | 7 | |a SISTEMA SOCIAL |2 CL-VaPUC |9 386013 | |
| 583 | |a last modification |c 19970512 00:00:00 |k Rodrigo Vera | ||
| 999 | |c 259570 |d 259568 | ||
| 952 | |0 0 |1 0 |4 0 |6 330_000000000000000_ELB_1978 |7 0 |8 P |9 284477 |a BIBGIM |b BIBGIM |d 2019-11-19 |i 328042K |o 330 ELB 1978 |p 328042K |r 2025-01-15 |w 2019-11-19 |y BK |k COM | ||